என் கொெல்லைப்புறத்துக் காதலகள்/
Saved in:
| Main Author: | |
|---|---|
| Format: | Book |
| Language: | English Tamil |
| Published: |
இலங்கை:
வென்பா வௌியீடு;
2024,
|
| Subjects: | |
| Tags: |
Add Tag
No Tags, Be the first to tag this record!
|
MARC
| LEADER | 00000nam a22000007a 4500 | ||
|---|---|---|---|
| 003 | LK-TrUPL | ||
| 005 | 20260417115027.0 | ||
| 008 | 260417b |||||||| |||| 00| 0 eng d | ||
| 040 | |a LK-TrUPL |b tam |d LK-TrUPL | ||
| 041 | |a tam | ||
| 082 | |2 23 |a 894.811 |b ஜேகே | ||
| 100 | |a ஜேகே | ||
| 245 | |a என் கொெல்லைப்புறத்துக் காதலகள்/ |c ஜேகே , | ||
| 260 | |a இலங்கை: |b வென்பா வௌியீடு; |c 2024, | ||
| 300 | |a ப.392; |c ச,மீ,21: | ||
| 500 | |a 1ம் பதிப்பு,2014 | ||
| 650 | 0 | |a கதை | |
| 942 | |c LBK | ||
| 999 | |c 13349 |d 13349 | ||